000 00454pam a2200169a 44500
008 230405s2023 xxu||||| |||| 00| 0 eng d
041 _aENG
100 _aBAZMOUL SAMEENA
245 _aCONSTITUTION OF INDIA M.C.Q. (FOR ALL COMPETITIVE EXAM)
250 _a1ST 2021 Ed.
260 _aAllhabad
_bAsia Law House Hyderabad
_c2023
300 _a1-403p.
440 _a495.00
650 _aCONSTITUTIONAL LAW
690 _aFIVE YEAR LAW
906 _a5127
999 _c876722
_d876722